Giáo dục học đại cương

שמור ב:
מידע ביבליוגרפי
פורמט: ספר
יצא לאור: 1996
תגים: הוספת תג
אין תגיות, היה/י הראשונ/ה לתייג את הרשומה!
Thư viện lưu trữ: Mạng thư viện Đại học Đà Nẵng
LEADER 00451nam a22001811a 4500
001 000038984
003 15279
005 20160412021903.0
008 160412s1996 000
082 |a 4V(TK)414-18 
245 |a Giáo dục học đại cương  |c Phạm Viết Vương 
260 |c 1996 
OWN |a LNN 
999 |a From the UDN01 
TYP |a Monograph 
980 |a Mạng thư viện Đại học Đà Nẵng